| 000 | 00688nam a2200205Ia 4500 | ||
|---|---|---|---|
| 003 | GCL | ||
| 008 | 140319s9999 xx 000 0 ara d | ||
| 040 |
_aGCL / _cGCL |
||
| 082 | 0 | 4 |
_a070.41 _bل ف |
| 100 | 1 | _aمحمود علم الدين | |
| 245 | 1 | 0 |
_aفن التحرير الصحفى للجرائد والمجلات / _cمحمود علم الدين |
| 700 | 1 | _aليلى عبدالمجيد | |
| 260 |
_aالقاهرة : _bالسحاب للنشر والتوزيع ، _c2004 |
||
| 300 |
_a235 ص ؛ _c24 سم |
||
| 650 | 0 | 4 | _aوسائل الاعلام |
| 650 | 0 | 4 | _aوكالات الانباء |
| 650 | 0 | 4 | _aالصحف |
| 650 | 0 | 4 | _aالصحافة - تحرير |
| 942 |
_2ddc _cBK |
||
| 999 |
_c56411 _d56411 |
||